Statistics for NFL Oldest Living Passing Completion % Leaders

Click here to take the quiz!

General Stats

  • This quiz has been taken 3 times
  • The average score is 4 of 10

Answer Stats

AgePlayer% Correct
83Fran Tarkenton
100%
89Sonny Jurgensen
100%
88John Brodie
67%
78Bob Griese
33%
74Ken Anderson
33%
70Steve Bartkowski
33%
72Dan Fouts
0%
88Milt Plum
0%
84Norm Snead
0%
77Virgil Carter
0%

Score Distribution

Percentile by Number Answered

Percent of People with Each Score

Your Score History

You have not taken this quiz